|
|
|
|
| LEADER |
00000naa2a2200000 4500 |
| 001 |
223527 |
| 005 |
20231031200229.0 |
| 035 |
|
|
|a (RuTPU)RU\TPU\book\243786
|
| 035 |
|
|
|a RU\TPU\book\243782
|
| 090 |
|
|
|a 223527
|
| 100 |
|
|
|a 20121012d1971 k y0rusy50 ca
|
| 101 |
0 |
|
|a rus
|
| 102 |
|
|
|a RU
|
| 200 |
1 |
|
|a Результаты исследований транспортирующей способности закладочных пульповодов
|f В. И. Квашнин [и др.]
|
| 320 |
|
|
|a Библиогр.: с. 140 (5 назв.)
|
| 463 |
|
0 |
|0 (RuTPU)RU\TPU\book\120134
|t Совершенствование подземной отработки угольных пластов Кузбасса
|f Кузнецкий научно-исследовательский угольный институт (КузНИУИ)
|v С. 133-140
|d 1971
|s Сборник ; № 23
|
| 701 |
|
1 |
|a Квашнин
|b В. И.
|
| 701 |
|
1 |
|a Борисов
|b Г. П.
|
| 701 |
|
1 |
|a Бердников
|b А. Л.
|
| 701 |
|
1 |
|a Мещерина
|b Л. К.
|
| 801 |
|
1 |
|a RU
|b 63413507
|c 20121011
|
| 801 |
|
2 |
|a RU
|b 63413507
|c 20121012
|g RCR
|
| 942 |
|
|
|c BK
|